Statistics for Books by Opening Line - 2

Click here to take the quiz!

General Stats

  • This quiz has been taken 174 times
  • The average score is 9 of 15

Answer Stats

First WordsBook% Correct
In a hole in the ground there lived a hobbit...The Hobbit
92%
Two households, both alike in dignity, In fair Verona, where we lay our scene...Romeo and Juliet
87%
In the Name of Allah, the Most Beneficent, the Most Merciful...The Qur'an
86%
All children, except one, grow up...Peter Pan
79%
Tell me, O Muse, of that ingenious hero who travelled far and wide after he sacked the famous town of Troy...The Odyssey
69%
These two very old people are the father and mother of Mr Bucket. Their names are Grandpa Joe and Grandma Josephine...Charlie and the Chocolate Factory
66%
Mr. Jones, of the Manor Farm, had locked the hen-houses for the night, but was too drunk to remember to shut the popholes...Animal Farm
64%
In a village of La Mancha, the name of which I have no desire to call to mind, there lived not long since one of those gentlemen that keep a lance in the lance-rack, an old buckler, a lean hack, and a greyhound for coursing...Don Quixote
64%
As Gregor Samsa awoke one morning from uneasy dreams he found himself transformed in his bed into a monstrous vermin...The Metamorphosis
60%
It was a pleasure to burn...Fahrenheit 451
54%
Far out in the uncharted backwaters of the unfashionable end of the Western Spiral arm of the Galaxy lies a small unregarded yellow sun...The Hitchhiker's Guide to the Galaxy
52%
When on board H.M.S. 'Beagle,' as naturalist, I was much struck with certain facts in the distribution of the inhabitants of South America...On the Origin of Species
46%
Midway upon the journey of our life I found myself within a forest dark, For the straightforward pathway had been lost...The Divine Comedy
16%
There was no possibility of taking a walk that day...Jane Eyre
14%
I was born in 1632, in the city of York, of a good family, though not of that country, my Father being a foreigner of Bremen, who settled first at Hull...Robinson Crusoe
14%

Score Distribution

Percentile by Number Answered

Percent of People with Each Score

Your Score History

You have not taken this quiz